000 00439cam a2200181ua 4500
020 _c12.60
041 _aeng
_h
082 _a823.308
_bTUR/FA
100 _aTurgenev, Ivan.
245 _aFathers and children /
_cIvan S Turgenev.
_hTextual Documents
250 _a1 /
_b.
260 _aLondon :
_bJ M Dent and Sons Ltd ,
_c1962.
300 _a251 ; .
365 _a12.60
504 _a
942 _cBK
999 _c11822
_d11822